Diseño de una red de sistemas contra incendios interconectados mediante fibra óptica y controlados por una PC
Na minha lista:
| Autor principal: | |
|---|---|
| Outros Autores: | |
| Formato: | Livro |
| Publicado em: |
San José, C.R.
2000
|
| Assuntos: | |
| Tags: |
Adicionar Tag
Sem tags, seja o primeiro a adicionar uma tag!
|
MARC
| LEADER | 00000nam a2200000Ia 4500 | ||
|---|---|---|---|
| 003 | 008733 | ||
| 005 | 20221231144202.0 | ||
| 008 | 140114s2000 cr a m 000 ||s d | ||
| 040 | |c cru CEDI | ||
| 090 | |a TFG 4322 | ||
| 100 | |a Acosta Guevara, Jahaziel |9 7774 | ||
| 245 | |a Diseño de una red de sistemas contra incendios interconectados mediante fibra óptica y controlados por una PC | ||
| 260 | |c 2000 |a San José, C.R. | ||
| 300 | |a xi, 221, [15] hojas : ilustraciones | ||
| 500 | |a Tesis (licenciatura en ingeniería eléctrica)--Universidad de Costa Rica.Facultad de Ingeniería. Escuela de Ingeniería Eléctrica | ||
| 650 | |x SISTEMAS DE CONTROL INTELIGENTE |x REDES DE INFORMACION |x CABLES DE TELECOMUNICACION |x INCENDIOS |x MEDIDAS DE SEGURIDAD |9 7775 | ||
| 700 | |9 7776 |a Alvarado Contreras, Tito José | ||
| 942 | |c TFG | ||
| 999 | |c 18116 |d 18116 | ||
